La actividad económica y la agricultura / (Record no. 20757)

MARC details
000 -LEADER
campo de control de longitud fija 00551nam a2200169 i 4500
001 - NÚMERO DE CONTROL
campo de control 20757
003 - IDENTIFICADOR DE NÚMERO DE CONTROL
campo de control ES-MaACL
005 - FECHA Y HORA DE LA ÚLTIMA TRANSACCIÓN
campo de control 20230906152346.0
007 - CAMPO FIJO DE DESCRIPCIÓN FÍSICA--INFORMACIÓN GENERAL
campo de control de longitud fija t|
008 - DATOS DE LONGITUD FIJA--INFORMACIÓN GENERAL
campo de control de longitud fija 021118s1969 sp ||||1| spa d
245 03 - MENCIÓN DEL TÍTULO
Título La actividad económica y la agricultura /
Mención de responsabilidad, etc. por el Equipo del Secretariado de Cooperación al Desarrollo.
260 ## - PUBLICACIÓN, DISTRIBUCIÓN, ETC.
Lugar de publicación, distribución, etc. [S.l.] :
Nombre del editor, distribuidor, etc. Ethos,
Fecha de publicación, distribución, etc. [1969]
300 ## - DESCRIPCIÓN FÍSICA
Extensión 43 p. ;
Dimensiones 32 cm.
500 ## - NOTA GENERAL
Nota general Ejemplar multicopista.
710 2# - ENTRADA AGREGADA--NOMBRE DE ENTIDAD CORPORATIVA
Nombre de entidad corporativa o nombre de jurisdicción como elemento de entrada Equipo del Secretariado de Cooperación al Desarrollo.
9 (RLIN) 3489
852 ## - LOCALIZACIÓN
Ubicación ES-MaACL
Número de control de estantería 2072-F-4
Sublocalización o colección R.72343
Holdings
Estatus retirado Estado de pérdida Estado de daño No para préstamo Colección Biblioteca de origen Biblioteca actual Ubicación en estantería Fecha de adquisición Fuente de adquisición Total de préstamos Signatura topográfica completa Código de barras Visto por última vez Precio de reemplazo Tipo de ítem Koha
        Colección de folletos Biblioteca del Ateneo de Madrid Biblioteca del Ateneo de Madrid Depósito folletos 17/01/2008     2072-F-4 1021311 23/02/2023 23/02/2023 Folleto